Životný cyklus vybraného rodinného podniku na Slovensku bakalárska práca

Salvato in:
Dettagli Bibliografici
Autore principale: Janková, Anasztázia
Ente Autore: Fakulta podnikového manažmentu EU. Katedra podnikovohospodárska
Altri autori: Lešková, Radka, 1996-
Natura: Libro
Lingua:slovacco
Pubblicazione: Bratislava 2024
Tags: Aggiungi Tag
Nessun Tag, puoi essere il primo ad aggiungerne!!

MARC

LEADER 00000nbm a2200000 4500
001 0301900
005 20250904144331.0
041 0 |a slo 
044 |a SK 
245 1 0 |a Životný cyklus vybraného rodinného podniku na Slovensku  |b bakalárska práca  |c Anasztázia Janková ; školiteľ: Radka Lešková 
264 1 |a Bratislava  |c 2024 
300 |a 56 s. 
100 1 |a Janková, Anasztázia 
700 1 |a Lešková, Radka, 1996- 
710 2 |a Fakulta podnikového manažmentu EU. Katedra podnikovohospodárska